Podium du Rallye du Haut-Lignon - Statistiques

Statistiques générales
  • Ce quiz a été pris 3 fois
  • Le résultat moyen est 6 sur 47
Statistiques - réponses
Vainqueur % Correct
Jean-Marie Cuoq
100%
Alexis Delorme
50%
Cedric Robert
50%
Denis Millet
50%
Eric Peyrache
50%
Florent Sabatier
50%
Laurent Lacomy
50%
Louis Durand
50%
Patrick Rouillard
50%
Stéphane Lefebvre
50%
Alain Roure
0%
Alexandre Samuel
0%
Bastien Guiot
0%
Benoit Duchene
0%
Bernard Donguès
0%
Claude Londiche
0%
David Fraisse
0%
David Jullien
0%
David Salanon
0%
Didier Perrin
0%
Didier Veyrard
0%
Dominique Reynaud
0%
Francois Grandjean
0%
Francois Pelamourgues
0%
Frédéric Morel
0%
Frédéric Romeyer
0%
Gérard Maurin
0%
Gilles Cellier
0%
Guillaume Tardy
0%
Jacques Tasso
0%
Jean-Laurent Chivaydel
0%
Jean-Michel Da Cuhna
0%
Jean Turnel
0%
Jean Turnel
0%
Jean-Yves Ragey
0%
Julien Saunier
0%
Laurent Bonche
0%
Marc Aubert
0%
Maxime Lecureux
0%
Michel Godard
0%
Michel Rolland
0%
Pascal Bérard
0%
Pascal Clairet
0%
Patrick Artru
0%
Philippe Charlaix
0%
Thibaud Mounard
0%
Thibault Habouzit
0%
Aucun quiz correspondant
Distribution des résultats
% des personnes avec chaque résultat
Percentile par nombre de réponses
Votre historique - résultats
Vous n’avez pas pris ce quiz